000 01068nam a2200253Ia 4500
003 Ost
005 20260507075400.0
008 260507s9999||||xx |||||||||||||| ||und||
020 _a61777699579
040 _cfsecg
041 _aara
082 _a330
100 _aالدليمي، عصام حسن أحمد
_eمؤلف
245 0 _aالمعلوماتية والبحث العلمي /
_c عصام حسن أحمد الدليمي
260 _aعمان:
_bدار الرضوان للنشر,
_c2014
300 _a208 صفحة؛
_bإيضاحات ؛
_c25 سم
504 _aالمراجع ص.203
520 _a-نبذة تاريخية في تطور المعلومات والمعلوماتية ، أهمية المعلومات ، المعلومات وأثرها في تنمية البحث العلمي، نظم المعلومات خطوات اعداد البحوث
653 _aالبحث العلمي
653 _aالمعلومات
653 _aطرق البحث
700 _aعبد الرحيم، صالح علي
_eمؤلف ثانوي
942 _cكتاب
999 _c44269
_d44269